|
|
|
|
| LEADER |
00000cam a2200000 7i4500 |
| 001 |
0000187173 |
| 005 |
20140702.0 |
| 020 |
|
|
|a 9780718194710
|
| 090 |
0 |
0 |
|a JF
|b ROS
|
| 100 |
1 |
|
|a Ross, Mandy
|
| 245 |
1 |
0 |
|a Dom's dragon
|c written by Mandy Ross illustrated by Emma McCann
|
| 260 |
|
|
|a London :
|b Ladybird Books Ltd ,
|c 20--
|
| 300 |
|
|
|a 31p. :
|b ill. ;
|c 18cm.
|
| 490 |
0 |
|
|a Read it yourself with Ladybird Level 2
|
| 500 |
|
|
|a Play & Learn Library
|
| 650 |
0 |
0 |
|a Children's stories
|
| 700 |
1 |
|
|a McCann, Emma
|
| 999 |
|
|
|a 00298695
|b BUKU
|c JUNIOR REFERENCE
|e PERPUSTAKAAN KOMUNITI PETALING JAYA
|
| 999 |
|
|
|a 00298696
|b BUKU
|c JUNIOR REFERENCE
|e PERPUSTAKAAN KOMUNITI PETALING JAYA
|
| 999 |
|
|
|a 00307863
|b BUKU
|c PINJAMAN
|e PERPUSTAKAAN KOMUNITI PETALING JAYA
|